Statistiques concernant Les plus grandes villes d'Espagne

Cliquez ici pour prendre le quiz!

Statistiques générales

  • Ce quiz a été pris 431 fois
  • Le résultat moyen est 14 sur 30

Statistiques - réponses

PopulationVilles% Correct
1 620 343Barcelone
100%
3 223 334Madrid
100%
688 711Séville
97%
791 413Valence
95%
345 821Bilbao
90%
571 026Malaga
80%
666 880Saragosse
71%
232 208Grenade
67%
409 661Palma de Majorque
67%
331 577Alicante
56%
325 708Cordoue
56%
447 182Murcie
56%
244 850La Corogne
53%
298 866Valladolid
53%
293 642Vigo
52%
378 517Las Palmas
49%
199 066Pampelune
49%
298 450Gijon
40%
196 851Almeria
35%
220 020Oviedo
32%
204 856Tenerife
26%
230 625Elche
25%
213 943Carthagène
18%
249 176Vitoria
16%
212 879Jerez de la Frontera
15%
261 068L'Hospitalet
11%
217 741Badalona
8%
211 734Sabadell
8%
218 535Terrassa
6%
207 095Mostoles
5%

Distribution des résultats

Percentile par nombre de réponses

% des personnes avec chaque résultat

Votre développement - résultats

Vous n’avez pas pris ce quiz